| 000 | 00540nam a2200157 a 4500 | ||
|---|---|---|---|
| 008 | 120416s1971 ||||||||||||||||| || u | ||
| 050 | _aTA 545 Kis | ||
| 100 | _aKissam, Philip | ||
| 245 | 1 | 0 | _aSurveying practice |
| 246 | _athe fundamentals of surveying | ||
| 250 | _a2nd ed. | ||
| 260 |
_aNew York _bMcGraw-Hill _c1971 |
||
| 300 | _aix, 482p. : ill. | ||
| 350 | _a0.00 | ||
| 995 |
_D0.00 _FCBU-MAIN LIBRARY (Kitwe) _H1 _I4.80 _UAVAILABLE _WMay 24, 2006 _ZAnnex Low-Usage Collection |
||
| 999 |
_c59194 _d59194 |
||